Ulice, Mosty, place w Poznaniu z tramwajem - Statystyki

Ogólne statystyki
  • Ten quiz został rozwiązany 43 razy
  • Średni wynik to 27 z 68
Statystyki odpowiedzi
Linie Odpowiedź % Poprawnych
1,3,7,11,17 Hetmańska
69%
5,11,12,14,17 Głogowska
66%
3,7,8,9,16,19 Fredry
63%
3,5,13,16 Kórnicka
63%
2,8,18 Dąbrowskiego
60%
7,8,17 Plac Wielkopolski
60%
1,16,18 Szwajcarska
60%
3,5,13,16 Most Św.Rocha
57%
1,6,13,15 Grunwaldzka
54%
2,5,9,13,16,17,19 Gwarna
54%
2 Kraszewskiego
54%
3,10 Naramowicka
54%
2,6,9,12,18 Królowej Jadwigi
51%
5,6,10,12,17,18 Most Dworcowy
51%
1,3,17 Żegrze
51%
7,19 Murawa
49%
7,8,17 Plac Ratajskiego
49%
12,13,17 Starołęcka
49%
3 Unii Lubelskiej
49%
6,8 Warszawska
49%
2,3,5,9,13,16,19 Aleje Marcinkowskiego
46%
2,9,19 Górna Wilda
46%
7,8,17 Małe Garbary
46%
1,16,18 Piaśnicka
46%
2,3,5,9,13,16,19 Plac Wolności
46%
5,6,7,13,17,18 Jana Pawła II
43%
6,12,18 Most Królowej Jadwigi
43%
3,5,13,16 Plac Bernardyński
43%
2,3,5,9,13,16,19 Plac Wiosny Ludów
43%
2,3,5,9,13,16,19 Podgórna
43%
3,6,7,9,10,11,13,15,16,18, 19 Roosevelta
43%
3,7,10,19 Winogrady
43%
2,3,5,9,13,16,19 27 Grudnia
40%
10 Wierzbięcice
40%
2 Zwierzyniecka
40%
6,10,12,18 Matyi
37%
7,8,17 Mielżyńskiego
37%
2,9,19 Strzelecka
37%
2,3,5,9,13,16,17,19 Św.Marcin
37%
5,17 Towarowa
37%
7,8,17 23 Lutego
34%
3,10 Aleja Praw Kobiet
34%
7,19 Aleje Solidarności
34%
6,13,15 Bukowska
34%
7 Przybyszewskiego
34%
9,11 Aleja Wielkopolska
31%
1,3,17 Chartowo
31%
7,8,17 Estkowskiego
31%
7,8,17 Most Bolesława Chrobrego
31%
7,8,17 Wyszyńskiego
31%
6,12,18 Krzywoustego
29%
3,5,13,16 Mostowa
29%
3,10 Przełajowa
29%
3,7,9,10,11,19 Pułaskiego
29%
12,14 Zachodnia
29%
7,12,13 Zamenhofa
29%
5 Podwale
26%
7,8,17 Wolnica
26%
9,11 Wołyńska
26%
7,8,17 Most Mieszka I
23%
9,11 Małopolska
20%
1,7 Reymonta
20%
2,9,10,19 28 Czerwca 1956 roku
17%
3,5,13,16 Lewandowskiej
17%
1,3,7,11,17 Most Przemysła I
17%
3,5,13,16 Dowbora-Muśnickiego
14%
9,11 Witosa
14%
9,11 Winiarska
9%
Nie znaleziono quizów pasujących do podanych kryteriów
Rozkład punktacji
Procent ludzi z każdym wynikiem
Percentyl według liczby udzielonych odpowiedzi
Twoja historia wyników
Nie rozwiązałeś tego quizu